|
|
|
|
| LEADER |
01018nam a2200265 4500 |
| 001 |
c000143292 |
| 003 |
CARM |
| 005 |
00000000000000.0 |
| 008 |
690416r19691942nyu 00000 eng |
| 019 |
1 |
|
|a 718051
|5 LACONCORD2021
|
| 035 |
|
|
|a (OCoLC)4543
|5 LACONCORD2021
|
| 050 |
0 |
0 |
|a ML417.S36
|b M8 1969
|
| 100 |
1 |
|
|a Schnabel, Artur,
|d 1882-1951.
|
| 245 |
1 |
0 |
|a Music and the line of most resistance.
|
| 260 |
|
|
|a New York,
|b Da Capo Press,
|c 1969 [c1942]
|
| 300 |
|
|
|a 90 p.
|c 21 cm.
|
| 490 |
0 |
|
|a Da Capo Press music reprint series
|
| 500 |
|
|
|a "This Da Capo Press edition is an unabridged republication of the first edition published in 1942."
|
| 650 |
|
0 |
|a Music
|x Philosophy and aesthetics.
|
| 650 |
|
0 |
|a Music
|x Performance.
|
| 650 |
|
0 |
|a Musical criticism.
|
| 852 |
8 |
|
|b CARM
|h A2:AE06B0
|i B00746
|p 0040106
|f BK
|
| 082 |
0 |
4 |
|a 780.15
|
| 999 |
f |
f |
|i eb200169-b1cd-5e8c-bbf2-c1474b0fd74d
|s 5a07461c-5e24-51a2-8a53-ce8d88b44438
|
| 952 |
f |
f |
|p Can circulate
|a CAVAL
|b CAVAL
|c CAVAL
|d CARM 1 Store
|e B00746
|f A2:AE06B0
|h Other scheme
|i book
|m 0040106
|